Online
Catalog

Educar para prevenir el abuso de las drogas. (Record no. 21484)

MARC details
000 -CABECERA
campo de control de longitud fija 00733nam a2200205 a 4500
001 - NÚMERO DE CONTROL
campo de control 000021986
005 - FECHA Y HORA DE LA ÚLTIMA TRANSACCIÓN
campo de control 20250722101745.0
008 - DATOS DE LONGITUD FIJA--INFORMACIÓN GENERAL
campo de control de longitud fija 100915s1991 br a r 000 0 spa d
040 ## - FUENTE DE LA CATALOGACIÓN
Centro catalogador/agencia de origen DO-SdBNP
Lengua de catalogación spa
Centro/agencia transcriptor BNPHU
082 ## - NÚMERO DE LA CLASIFICACIÓN DECIMAL DEWEY
Número de clasificación 362.29
Número de documento/Ítem E24p
049 ## - FONDOS LOCALES (OCLC)
Fondos de biblioteca BNGR
110 1# - ENTRADA PRINCIPAL--NOMBRE DE ENTIDAD CORPORATIVA
Nombre de entidad corporativa o nombre de jurisdicción como elemento de entrada Federación Internacional de las Universidades Católicas.
9 (RLIN) 45576
245 10 - MENCIÓN DE TÍTULO
Título Educar para prevenir el abuso de las drogas.
260 ## - PUBLICACIÓN, DISTRIBUCIÓN, ETC.
Lugar de publicación, distribución, etc. Río de Janeiro :
Nombre del editor, distribuidor, etc. Universitaria Santa Úrsula,
Fecha de publicación, distribución, etc. 1991.
300 ## - DESCRIPCIÓN FÍSICA
Extensión 579 p. :
Otras características físicas il. ;
Dimensiones 21 cm.
500 ## - NOTA GENERAL
Nota general En la portada: proyecto de investigación-acción. Vivir juntos el desafio de la droga.
500 ## - NOTA GENERAL
Nota general Incluye índice onomástico.
650 #0 - PUNTO DE ACCESO ADICIONAL DE MATERIA--TÉRMINO DE MATERIA
Término de materia o nombre geográfico como elemento de entrada Abuso de drogas
9 (RLIN) 26744
650 #4 - PUNTO DE ACCESO ADICIONAL DE MATERIA--TÉRMINO DE MATERIA
Término de materia o nombre geográfico como elemento de entrada Sustancias peligrosas
9 (RLIN) 45577
Holdings
Estado de retiro Estado de pérdida Restricciones de uso No para préstamo Código de colección Localización permanente Ubicación/localización actual Ubicación en estantería Fecha de adquisición Número de inventario Total de préstamos Signatura topográfica completa Código de barras Fecha visto por última vez Precio válido a partir de Tipo de ítem Koha Número de copia
        Monografías: Libros y Folletos General General En catalogación 15.09.2010 LF1   362.29 E24p 21986-10 25.06.2020 25.06.2020 Préstamo en sala  
      Préstamo restrigido Monografías: Libros y Folletos General General En catalogación 16.09.2010 LF1   362.29 E24p 21986-20 25.06.2020 25.06.2020 Préstamo en sala e. 2

Powered by Koha